000 00534nam a2200217Ia 4500
003 OSt
005 20230502121226.0
008 210423s2010 xx 000 0 und d
020 _a9788122427721
040 _cAL
041 _aeng
082 _a515 MALS
_223
100 _aMALIK (S C);ARORA (Savita).
_982700
245 _aMathematical analysis.
250 _a4
260 _aNew Delhi
_bNew Age International
_c2010
300 _axii,870
_bPB
365 _b325
_cINR
906 _aanalysis. ; Mathematical
942 _2ddc
_cBK
999 _c158606
_d158606